| 000 | 00832 a2200193 4500 | ||
|---|---|---|---|
| 003 | Nust | ||
| 005 | 20170207165540.0 | ||
| 022 | _a3-540-35445-X | ||
| 040 | _cNust | ||
| 082 | _a 519.3 | ||
| 100 | _aJ. F. Bonnans | ||
| 245 |
_aNumerical Optimization (E-Book) _bTheoretical and Practical Aspects _cJ. Frederic Bonnans · J. Charles Gilbert Claude Lemar´echal · Claudia A. Sagastiz´abal |
||
| 250 | _a2nd ed | ||
| 260 |
_aNew York _bSpringer-Verlag Berlin Heidelberg _c2006 |
||
| 300 |
_a490 p _cWith 52 Figures |
||
| 500 | _aGeneral Introduction (Page- 3), Part I Unconstrained Problems (Page-25),Part II Nonsmooth Optimization (Page-109), Part III Newton's Methods in Constrained Optimization(Page-197),Part IV Interior-Point Algorithms for Linear and Quadratic (Page-353), | ||
| 650 | _aNumerical Optimization | ||
| 651 | _aE-BOOK | ||
| 942 |
_2ddc _cBK |
||
| 999 |
_c212414 _d212414 |
||